000
00310pam a2200145 a 4500
020
_c
040
_a
DTUN_110042
041
_a
eng
082
_a
621.388
_b
DHA
100
_a
Glenn,M.G
245
_a
Fundamentals of television engineering
260
_b
Tata McGraw-Hill
_c
1986
300
_a
642
930
_a
9730
999
_c
86635
_d
86635